Catálogo público

All-India rural credit survey report of the Committee of Direction (Record no. 45878)

MARC details
000 -CABECERA
campo de control de longitud fija 01226nam a22003257a 4500
003 - IDENTIFICADOR DEL NÚMERO DE CONTROL
campo de control CHAP
005 - FECHA Y HORA DE LA ÚLTIMA TRANSACCIÓN
campo de control 20220329140028.0
008 - DATOS DE LONGITUD FIJA--INFORMACIÓN GENERAL
campo de control de longitud fija 971013s1954 r 00010 d
010 ## - NÚMERO DE CONTROL DE LA BIBLIOTECA DEL CONGRESO
Número de control de LC 45878
011 ## - ENLACE DEL NUMERO DE CONTROL DE LA BIBLIOTECA DEL CONGRESO [OBSOLETO]
Número de control de LC 46850
035 ## - NÚMERO DE CONTROL DEL SISTEMA
Número de control de sistema 50991
040 ## - FUENTE DE LA CATALOGACIÓN
Centro/agencia transcriptor CHAP
082 ## - NÚMERO DE LA CLASIFICACIÓN DECIMAL DEWEY
Número de clasificación 332.71
Número de documento/Ítem R4
110 ## - ENTRADA PRINCIPAL--NOMBRE DE ENTIDAD CORPORATIVA
Nombre de entidad corporativa o nombre de jurisdicción como elemento de entrada Reserve Bank of India
9 (RLIN) 96110
245 ## - MENCIÓN DE TÍTULO
Título All-India rural credit survey report of the Committee of Direction
260 ## - PUBLICACIÓN, DISTRIBUCIÓN, ETC.
Lugar de publicación, distribución, etc. Bombay :
Nombre del editor, distribuidor, etc. Bank,
Fecha de publicación, distribución, etc. 1954-56
300 ## - DESCRIPCIÓN FÍSICA
Extensión 3 v. en 4 t.
Otras características físicas ; mapas
505 ## - NOTA DE CONTENIDO CON FORMATO
Nota de contenido con formato Contenido : v.1 The survey report ; pt. 1 Rural familes ; Pt. 2 Credit agencies .-- v.2 The general report.--v.3 The technical report
590 ## - NOTA LOCAL (RLIN)
Nota local BATCH-UPD
Procedencia (VM) [OBSOLETO] 10
Condición del los carretes individuales (VM) [OBSOLETO] 20130110
-- UCH01
-- 2304
590 ## - NOTA LOCAL (RLIN)
Nota local BATCH-UPD
Procedencia (VM) [OBSOLETO] 10
Condición del los carretes individuales (VM) [OBSOLETO] 20130410
-- UCH01
-- 1556
590 ## - NOTA LOCAL (RLIN)
Nota local BATCH-UPD
Procedencia (VM) [OBSOLETO] 10
Condición del los carretes individuales (VM) [OBSOLETO] 20130914
-- UCH01
-- 1101
590 ## - NOTA LOCAL (RLIN)
Nota local CONVERSION
Procedencia (VM) [OBSOLETO] 10
Condición del los carretes individuales (VM) [OBSOLETO] 20130109
-- UCH01
-- 1325
650 14 - PUNTO DE ACCESO ADICIONAL DE MATERIA--TÉRMINO DE MATERIA
Término de materia o nombre geográfico como elemento de entrada Crédito agrícola
Subdivisión general India.
9 (RLIN) 29060
901 ## - ELEMENTOS DE DATOS A LOCAL LDA (RLIN)
a BK
942 ## - ELEMENTOS DE PUNTO DE ACCESO ADICIONAL (KOHA)
Tipo de ítem Koha Libro
949 ## - PROCESAMIENTO DE INFORMACIÓN LOCAL (OCLC)
a 332.71 R4
b BC
c BPA
d -114359
e BPA
f v.1 pte.2
h 11282
i 50991
s i
949 ## - PROCESAMIENTO DE INFORMACIÓN LOCAL (OCLC)
a 332.71 R4
b BC
c BPA
d -114361
e BPA
f v.3
h 11281
i 50991
s i
949 ## - PROCESAMIENTO DE INFORMACIÓN LOCAL (OCLC)
a 332.71 R4
b BC
c BPA
d -114362
e BPA
f v.2
h 11283
i 50991
s i
949 ## - PROCESAMIENTO DE INFORMACIÓN LOCAL (OCLC)
a 332.71 R4
b BC
c BPA
d -114363
e BPA
f v.1 pte. 1
h 11284
i 50991
s i
Holdings
Estado de retiro Estado de pérdida Estado dañado Restricciones de uso No para préstamo Código de colección Localización permanente Ubicación/localización actual Fecha de adquisición Información codificada de la localización en otra ubicación Número de inventario Total de préstamos Signatura topográfica completa Código de barras Fecha visto por última vez Número de copia Precio válido a partir de Tipo de ítem Koha
Material descartado     Préstamo 3 días   Material descartado Biblioteca Central Biblioteca Central 31/12/2019 LIBRO 127   332.71 R4 -114359 31/12/2019 v.1 pte.2 31/12/2019 Libro
Material descartado     Préstamo 3 días   Material descartado Biblioteca Central Biblioteca Central 31/12/2019 LIBRO 127   332.71 R4 -114361 31/12/2019 v.3 31/12/2019 Libro
Material descartado     Préstamo 3 días   Material descartado Biblioteca Central Biblioteca Central 31/12/2019 LIBRO 127   332.71 R4 -114362 31/12/2019 v.2 31/12/2019 Libro
Material descartado     Préstamo 3 días   Material descartado Biblioteca Central Biblioteca Central 31/12/2019 LIBRO 127   332.71 R4 -114363 31/12/2019 v.1 pte. 1 31/12/2019 Libro